[Event "FIDE Olympiad Disabilties 2020"]
[Site "Online"]
[Date "2020.11.21"]
[Round "6.3"]
[White "Severino, Sander"]
[Black "Tuka, Oleg"]
[Result "1/2-1/2"]
[WhiteElo "2364"]
[BlackElo "2340"]
[Annotator "TA"]
[PlyCount "86"]
[EventDate "2020.11.21"]
[EventType "team-tourn"]
[EventCountry "NET"]
[SourceTitle "playchess.com"]
[Source "ChessBase"]
[SourceQuality "1"]
[WhiteTeam "Philippines"]
[BlackTeam "Ukraine"]
[WhiteTeamCountry "PHI"]
[BlackTeamCountry "UKR"]

1. d4 Nf6 2. c4 e6 3. g3 Bb4+ 4. Bd2 Qe7 5. Bg2 d5 6. Nf3 Ne4 7. O-O Bxd2 8. Nbxd2 f5 9. Ne5 O-O 10. cxd5 exd5 11. Nxe4 dxe4 12. Qb3+ Qe6 13. Qxe6+ Bxe6 14. Rfc1 c6 15. e3 Nd7 16. Nxd7 Bxd7 17. Bf1 Kf7 18. b4 Rfc8 19. a4 a6 20. Rc5 Ke7 21. Rac1 Kd6 22. a5 Re8 23. Bc4 Rac8 24. Bf7 Rf8 25. Bb3 Rfe8 26. Rd1 g6 27. h4 Red8 28. Rdc1 Be6 29. Bxe6 Kxe6 30. Re5+ Kf6 31. Kg2 Re8 32. Rcc5 Rxe5 33. Rxe5 Rd8 34. g4 Rd5 35. g5+ Kf7 36. Rxd5 cxd5 37. Kg3 Ke7 38. Kg2 Kd7 39. Kg3 Kd6 40. Kf4 Ke6 41. Kg3 Kd6 42. Kf4 Ke6 43. Kg3 Kd6 1/2-1/2

[Event "FIDE Olympiad Disabilties 2020"]
[Site "Online"]
[Date "2020.11.21"]
[Round "6.3"]
[White "Kolpakov, Vladyslav"]
[Black "Bernardo, Darry"]
[Result "0-1"]
[WhiteElo "2223"]
[BlackElo "2114"]
[Annotator "TA"]
[PlyCount "152"]
[EventDate "2020.11.21"]
[EventType "team-tourn"]
[EventCountry "NET"]
[SourceTitle "playchess.com"]
[Source "ChessBase"]
[SourceQuality "1"]
[WhiteTeam "Ukraine"]
[BlackTeam "Philippines"]
[WhiteTeamCountry "UKR"]
[BlackTeamCountry "PHI"]

1. e4 Nc6 2. Nf3 f5 3. exf5 d5 4. d4 Bxf5 5. Bd3 Bg4 6. c3 Nf6 7. O-O g6 8. Nbd2 Bg7 9. h3 Bc8 10. Qe2 O-O 11. Ng5 Qd6 12. Re1 Nh5 13. Ndf3 h6 14. Ne6 Bxe6 15. Qxe6+ Qxe6 16. Rxe6 g5 17. h4 Rf6 18. Rxf6 exf6 19. Bg6 Nf4 20. Bxf4 gxf4 21. Re1 Kf8 22. Kh2 Ne7 23. h5 a5 24. Nh4 f5 25. Bxf5 Bf6 26. Ng6+ Nxg6 27. Bxg6 a4 28. a3 Ra6 29. Kh3 Be7 30. Kg4 Rb6 31. Re2 Bg5 32. g3 fxg3 33. f4 Be7 34. Kxg3 c5 35. dxc5 Bxc5 36. Rd2 Be3 37. Rxd5 Rxb2 38. Rd8+ Kg7 39. Rd7+ Kf6 40. Rf7+ Ke6 41. f5+ Kd6 42. Rf8 Rf2 43. f6 Rf1 44. f7 Kc7 45. Ra8 Bc5 46. Rxa4 b5 47. Ra5 Kb6 48. Ra8 Kb7 49. Be4+ Kc7 50. Bf3 Rg1+ 51. Kh2 Rc1 52. f8=Q Bxf8 53. Rxf8 Rxc3 54. Be4 Rxa3 55. Rf6 Ra4 56. Bg6 Rd4 57. Rf5 b4 58. Rb5 Kc6 59. Rb8 Kc5 60. Rh8 b3 61. Rb8 Rb4 62. Rxb4 Kxb4 63. Kg3 Kb5 64. Kf4 Kc6 65. Ke5 Kd7 66. Kf6 b2 67. Kf7 Kd6 68. Kg7 Ke7 69. Kxh6 Kf6 70. Bb1 Kf7 71. Kh7 Kf6 72. h6 Kf7 73. Ba2+ Kf8 74. Kh8 Ke7 75. Kg7 Kd6 76. h7 Kc5 0-1

[Event "FIDE Olympiad Disabilties 2020"]
[Site "Online"]
[Date "2020.11.21"]
[Round "6.3"]
[White "Rom, Jasper"]
[Black "Grigorchuk, Sergey"]
[Result "1/2-1/2"]
[WhiteElo "2202"]
[BlackElo "2213"]
[Annotator "TA"]
[PlyCount "26"]
[EventDate "2020.11.21"]
[EventType "team-tourn"]
[EventCountry "NET"]
[SourceTitle "playchess.com"]
[Source "ChessBase"]
[SourceQuality "1"]
[WhiteTeam "Philippines"]
[BlackTeam "Ukraine"]
[WhiteTeamCountry "PHI"]
[BlackTeamCountry "UKR"]

1. e4 e6 2. d4 d5 3. Bd3 c5 4. exd5 Qxd5 5. Nc3 Qxd4 6. Nb5 Qe5+ 7. Ne2 Na6 8. O-O Nf6 9. Bf4 Qh5 10. Bc4 Bd7 11. Nd6+ Bxd6 12. Qxd6 Ne4 13. Qd3 Nf6 1/2-1/2

[Event "FIDE Olympiad Disabilties 2020"]
[Site "Online"]
[Date "2020.11.21"]
[Round "6.3"]
[White "Zarubinskaya, Irina"]
[Black "Mendoza, Cheyzer Crystal J."]
[Result "0-1"]
[WhiteElo "1747"]
[BlackElo "1639"]
[Annotator "NA"]
[PlyCount "66"]
[EventDate "2020.11.21"]
[EventType "team-tourn"]
[EventCountry "NET"]
[SourceTitle "playchess.com"]
[Source "ChessBase"]
[SourceQuality "1"]
[WhiteTeam "Ukraine"]
[BlackTeam "Philippines"]
[WhiteTeamCountry "UKR"]
[BlackTeamCountry "PHI"]

1. e4 e5 2. Nf3 Nf6 3. Nc3 Bb4 4. Nd5 Nxd5 5. exd5 d6 6. c3 Ba5 7. Qa4+ c6 8. dxc6 bxc6 9. d4 e4 10. Ng5 O-O 11. Be2 d5 12. h4 Bc7 13. g3 Qe7 14. Be3 Bd7 15. Qc2 Bd6 16. O-O-O a5 17. Rde1 Na6 18. h5 h6 19. Nh3 a4 20. Bf4 a3 21. b3 c5 22. Bxd6 Qxd6 23. dxc5 Nxc5 24. Nf4 Rfb8 25. b4 Na4 26. c4 Rxb4 27. Nxd5 Rb2 28. Qxe4 Rab8 29. Bd3 f5 30. Ne7+ Kf7 31. Nxf5 Qf6 32. Qd5+ Kf8 33. Qxd7 Qc3+ 0-1

[Event "FIDE Olympiad Disabilties 2020"]
[Site "Online"]
[Date "2020.11.21"]
[Round "6.4"]
[White "Zilberman, Yaacov"]
[Black "Yarmonov, Igor"]
[Result "1/2-1/2"]
[WhiteElo "2339"]
[BlackElo "2391"]
[Annotator "RC"]
[PlyCount "75"]
[EventDate "2020.11.21"]
[EventType "team-tourn"]
[EventCountry "NET"]
[SourceTitle "playchess.com"]
[Source "ChessBase"]
[SourceQuality "1"]
[WhiteTeam "Israel"]
[BlackTeam "Ukraine"]
[WhiteTeamCountry "ISR"]
[BlackTeamCountry "UKR"]

1. d4 d5 2. c4 e6 3. Nc3 Nf6 4. cxd5 exd5 5. Bg5 c6 6. e3 Be7 7. Bd3 O-O 8. Qc2 Nbd7 9. Nf3 Re8 10. O-O Nf8 11. Bxf6 Bxf6 12. b4 Bd7 13. b5 g6 14. bxc6 Bxc6 15. Qb3 Rc8 16. Bb5 Ne6 17. Rfc1 Qd6 18. Rab1 Red8 19. h3 Bxb5 20. Nxb5 Rxc1+ 21. Rxc1 Qb6 22. Nd2 Be7 23. Nc3 Qxb3 24. Nxb3 Ba3 25. Rb1 a6 26. Kf1 Bb4 27. Rc1 b5 28. Ke2 Kf8 29. Kd3 Ke7 30. Rc2 Rd7 31. Rc1 f5 32. g3 Kd6 33. h4 Rc7 34. Rc2 Rc6 35. Rc1 Nc7 36. Nb1 Rxc1 37. Nxc1 Kc6 38. Kc2 1/2-1/2

[Event "FIDE Olympiad Disabilties 2020"]
[Site "Online"]
[Date "2020.11.21"]
[Round "6.4"]
[White "Shevelev, Arkady"]
[Black "Sovietova, Kateryna"]
[Result "1-0"]
[WhiteElo "2280"]
[BlackElo "1338"]
[Annotator "TA"]
[PlyCount "57"]
[EventDate "2020.11.21"]
[EventType "team-tourn"]
[EventCountry "NET"]
[SourceTitle "playchess.com"]
[Source "ChessBase"]
[SourceQuality "1"]
[WhiteTeam "Israel"]
[BlackTeam "Ukraine"]
[WhiteTeamCountry "ISR"]
[BlackTeamCountry "UKR"]

1. e4 c5 2. Nf3 d6 3. d4 cxd4 4. Nxd4 Nf6 5. Nc3 e6 6. Be2 Be7 7. O-O O-O 8. Be3 Nc6 9. f4 a6 10. a4 Qc7 11. Nb3 Rd8 12. a5 Qb8 13. Bf3 e5 14. Bb6 Rd7 15. f5 Bd8 16. Be3 b6 17. Bg5 b5 18. Bxf6 Bxf6 19. Nd5 Bd8 20. f6 Bxf6 21. Bg4 Rd8 22. Nxf6+ gxf6 23. Rxf6 Be6 24. Bxe6 fxe6 25. Qg4+ Kh8 26. Rf7 Rg8 27. Qxe6 Qe8 28. Qf6+ Rg7 29. Qxg7# 1-0

[Event "FIDE Olympiad Disabilties 2020"]
[Site "Online"]
[Date "2020.11.21"]
[Round "6.4"]
[White "Mukha, Nikolay"]
[Black "Gurbanov, Andrei"]
[Result "1-0"]
[WhiteElo "2163"]
[BlackElo "2289"]
[Annotator "TA"]
[PlyCount "95"]
[EventDate "2020.11.21"]
[EventType "team-tourn"]
[EventCountry "NET"]
[SourceTitle "playchess.com"]
[Source "ChessBase"]
[SourceQuality "1"]
[WhiteTeam "Ukraine"]
[BlackTeam "Israel"]
[WhiteTeamCountry "UKR"]
[BlackTeamCountry "ISR"]

1. d4 d5 2. c4 e6 3. Nf3 a6 4. cxd5 exd5 5. Bg5 Be7 6. Bxe7 Qxe7 7. Nc3 Nf6 8. Qb3 O-O 9. e3 Nc6 10. Be2 Bf5 11. O-O Qd6 12. Rac1 Na5 13. Qa4 b6 14. Qd1 Rfe8 15. Bd3 Bxd3 16. Qxd3 b5 17. Ne2 Ne4 18. b3 Re7 19. Nd2 Nc6 20. Nxe4 dxe4 21. Qb1 Nb4 22. Rc3 Nd5 23. Rc5 b4 24. Qc2 a5 25. Qc4 Rd7 26. Rc6 Qe7 27. Ra6 Qd8 28. Qc6 Rxa6 29. Qxa6 Rd6 30. Qxa5 Rc6 31. Ng3 Rc2 32. Nxe4 f5 33. Ng3 g6 34. e4 fxe4 35. Nxe4 Kg7 36. Nc5 Kh6 37. g3 Ne3 38. Ne6 Qe7 39. Qe5 Nxf1 40. Kxf1 Rxa2 41. h4 Ra1+ 42. Kg2 Ra6 43. Qe3+ g5 44. hxg5+ Kg6 45. Qd3+ Kf7 46. Qxa6 Qxe6 47. Qxe6+ Kxe6 48. f4 1-0

[Event "FIDE Olympiad Disabilties 2020"]
[Site "Online"]
[Date "2020.11.21"]
[Round "6.4"]
[White "Sovetov, Oleksandr"]
[Black "Aleksandrova, Aleksandra"]
[Result "1-0"]
[WhiteElo "2022"]
[BlackElo "1780"]
[Annotator "TA"]
[PlyCount "55"]
[EventDate "2020.11.21"]
[EventType "team-tourn"]
[EventCountry "NET"]
[SourceTitle "playchess.com"]
[Source "ChessBase"]
[SourceQuality "1"]
[WhiteTeam "Ukraine"]
[BlackTeam "Israel"]
[WhiteTeamCountry "UKR"]
[BlackTeamCountry "ISR"]

1. d4 d5 2. c4 e6 3. Nc3 c6 4. e3 Bd6 5. Nf3 Nd7 6. Bd3 Qc7 7. e4 dxe4 8. Nxe4 Bb4+ 9. Bd2 Bxd2+ 10. Qxd2 Ngf6 11. Nxf6+ Nxf6 12. O-O-O a5 13. Bc2 b5 14. c5 Nd5 15. Be4 f6 16. Rde1 Bd7 17. Bxd5 cxd5 18. Kb1 O-O 19. h4 h5 20. Rhg1 b4 21. g4 hxg4 22. Rxg4 e5 23. Rg3 Bf5+ 24. Ka1 e4 25. Nh2 Kh7 26. Reg1 Rg8 27. Ng4 a4 28. Qh6+ 1-0

[Event "FIDE Olympiad Disabilties 2020"]
[Site "Online"]
[Date "2020.11.21"]
[Round "6.5"]
[White "Molenda, Marcin"]
[Black "Delgado Tigasi, Andrea"]
[Result "1-0"]
[WhiteElo "2349"]
[BlackElo "1243"]
[Annotator "TA"]
[PlyCount "119"]
[EventDate "2020.11.21"]
[EventType "team-tourn"]
[EventCountry "NET"]
[SourceTitle "playchess.com"]
[Source "ChessBase"]
[SourceQuality "1"]
[WhiteTeam "Poland"]
[BlackTeam "Ecuador"]
[WhiteTeamCountry "POL"]
[BlackTeamCountry "ECU"]

1. d4 e6 2. c4 c5 3. Nf3 cxd4 4. Nxd4 Nc6 5. Nb3 f5 6. g3 Nf6 7. Bg2 a5 8. O-O a4 9. Nd4 Bc5 10. Nb5 e5 11. Nd6+ Bxd6 12. Qxd6 Qe7 13. Qxe7+ Kxe7 14. Nc3 h6 15. e4 fxe4 16. Nxe4 Na5 17. c5 Nxe4 18. Bxe4 Nc6 19. Be3 Ra5 20. Rfd1 Rb5 21. Rd2 Nd4 22. Bxd4 exd4 23. Rc1 b6 24. cxb6 Rxb6 25. Rc4 Bb7 26. Bxb7 Rxb7 27. Rxa4 Rhb8 28. b3 Rb4 29. Rxd4 Rxa4 30. Rxa4 d5 31. Kf1 Ke6 32. Ke2 Ke5 33. Kd3 g5 34. f4+ gxf4 35. Rxf4 Ra8 36. a4 Rb8 37. b4 h5 38. a5 Rb5 39. Kc3 Rb7 40. Rh4 Rc7+ 41. Kd3 Rb7 42. Rxh5+ Ke6 43. Rh6+ Ke5 44. Rb6 Rf7 45. a6 Rf3+ 46. Kc2 Kd4 47. Kb2 Kc4 48. a7 Rf2+ 49. Ka3 Rf3+ 50. Ka4 Rf2 51. Rc6+ Kd4 52. Kb5 Ra2 53. Ra6 Rxh2 54. a8=Q Rd2 55. Qh8+ Ke3 56. Qe5+ Kf3 57. Ra3+ Kg2 58. g4 d4 59. Qg3+ Kf1 60. Rf3+ 1-0

[Event "FIDE Olympiad Disabilties 2020"]
[Site "Online"]
[Date "2020.11.21"]
[Round "6.5"]
[White "Stolarczyk, Anna"]
[Black "Jacome, Esteban"]
[Result "0-1"]
[WhiteElo "1909"]
[BlackElo "1549"]
[Annotator "NA"]
[PlyCount "80"]
[EventDate "2020.11.21"]
[EventType "team-tourn"]
[EventCountry "NET"]
[SourceTitle "playchess.com"]
[Source "ChessBase"]
[SourceQuality "1"]
[WhiteTeam "Poland"]
[BlackTeam "Ecuador"]
[WhiteTeamCountry "POL"]
[BlackTeamCountry "ECU"]

1. d4 e6 2. Nf3 d5 3. e3 c6 4. c4 f5 5. Nc3 Nf6 6. Bd3 Bd6 7. Qc2 Ne4 8. Bxe4 fxe4 9. Ng1 O-O 10. c5 Bc7 11. f4 b6 12. b4 Ba6 13. Bb2 Bd3 14. Qd2 a5 15. cxb6 Bxb6 16. Na4 axb4 17. Nc5 Qe7 18. Nxd3 exd3 19. Qxd3 Nd7 20. Nf3 Ra7 21. Ng5 Nf6 22. O-O h6 23. Nf3 Ne4 24. Ne5 Qe8 25. a3 c5 26. dxc5 Nxc5 27. Qe2 Ne4 28. axb4 Rxa1 29. Rxa1 Rxf4 30. Ra6 Rf2 31. Qd3 Rxb2 32. Rxb6 Qa4 33. h3 Qa2 34. Rb8+ Kh7 35. Ng4 Rxg2+ 36. Kh1 Rd2 37. Nf6+ gxf6 38. Rb7+ Kg6 39. Qf1 Ng3+ 40. Kg1 Nxf1 0-1

[Event "FIDE Olympiad Disabilties 2020"]
[Site "Online"]
[Date "2020.11.21"]
[Round "6.5"]
[White "Garzon Zapatanga, Christopher Leonel"]
[Black "Tazbir, Marcin"]
[Result "0-1"]
[WhiteElo "1697"]
[BlackElo "2513"]
[Annotator "TA"]
[PlyCount "58"]
[EventDate "2020.11.21"]
[EventType "team-tourn"]
[EventCountry "NET"]
[SourceTitle "playchess.com"]
[Source "ChessBase"]
[SourceQuality "1"]
[WhiteTeam "Ecuador"]
[BlackTeam "Poland"]
[WhiteTeamCountry "ECU"]
[BlackTeamCountry "POL"]

1. e4 c5 2. Nc3 Nc6 3. Nf3 e6 4. d4 cxd4 5. Nxd4 Qc7 6. Nb3 a6 7. Bd3 Nf6 8. O-O h5 9. h3 b5 10. a3 Bb7 11. Qe2 d6 12. f4 Be7 13. Bd2 h4 14. Rae1 Nh5 15. Qe3 g5 16. fxg5 Ne5 17. g6 Nxg6 18. Ne2 Bf6 19. Ned4 Be7 20. e5 Nxe5 21. Bc3 Rg8 22. Rf2 Bg5 23. Qe2 Nf4 24. Rxf4 Bxf4 25. Be4 Rc8 26. Qh5 Bxe4 27. Rxe4 Qb7 28. Re2 Qd5 29. Nd2 Be3+ 0-1

[Event "FIDE Olympiad Disabilties 2020"]
[Site "Online"]
[Date "2020.11.21"]
[Round "6.5"]
[White "Nevarez Castro, Andres"]
[Black "Nowak, Lukasz"]
[Result "0-1"]
[WhiteElo "1250"]
[BlackElo "2265"]
[Annotator "TA"]
[PlyCount "110"]
[EventDate "2020.11.21"]
[EventType "team-tourn"]
[EventCountry "NET"]
[SourceTitle "playchess.com"]
[Source "ChessBase"]
[SourceQuality "1"]
[WhiteTeam "Ecuador"]
[BlackTeam "Poland"]
[WhiteTeamCountry "ECU"]
[BlackTeamCountry "POL"]

1. e4 e5 2. Nf3 Nc6 3. Bb5 a6 4. Ba4 Nf6 5. O-O Bc5 6. c3 b5 7. Bb3 d6 8. d4 Bb6 9. h3 O-O 10. Re1 h6 11. Be3 Re8 12. Nbd2 Rb8 13. Qe2 exd4 14. cxd4 Bb7 15. d5 Bxe3 16. Qxe3 Na5 17. Qc3 c6 18. dxc6 Bxc6 19. Nd4 Bxe4 20. Nxe4 Nxe4 21. Bxf7+ Kxf7 22. Rxe4 Rxe4 23. Qf3+ Qf6 24. Qxe4 Re8 25. Qd5+ Kf8 26. Nf3 Nc4 27. Rd1 Nxb2 28. Qxd6+ Kf7 29. Qd7+ Re7 30. Qd5+ Qe6 31. Ne5+ Kg8 32. Qxe6+ Rxe6 33. Rd8+ Kh7 34. Nf7 Re1+ 35. Kh2 Nc4 36. Ra8 a5 37. Rb8 Re2 38. Kg3 b4 39. Rc8 Nb6 40. Rc6 Nd7 41. Nd6 Re6 42. Kf4 Nf6 43. Kf5 Re2 44. Nc4 Rxf2+ 45. Ke6 Rxa2 46. Ra6 b3 47. Kd6 a4 48. Rb6 Rc2 49. Ne3 Rd2+ 50. Kc6 b2 51. Nc4 Rc2 52. Kc5 Nd7+ 53. Kb4 Nxb6 54. Nxb6 b1=Q+ 55. Kxa4 Ra2# 0-1

[Event "FIDE Olympiad Disabilties 2020"]
[Site "Online"]
[Date "2020.11.21"]
[Round "6.6"]
[White "Meshkov, Yuri A."]
[Black "Vaduva, Emil-Peter"]
[Result "1-0"]
[WhiteElo "2351"]
[BlackElo "1968"]
[Annotator "TA"]
[PlyCount "89"]
[EventDate "2020.11.21"]
[EventType "team-tourn"]
[EventCountry "NET"]
[SourceTitle "playchess.com"]
[Source "ChessBase"]
[SourceQuality "1"]
[WhiteTeam "Russia"]
[BlackTeam "Romania"]
[WhiteTeamCountry "RUS"]
[BlackTeamCountry "ROU"]

1. Nf3 d5 2. g3 Nf6 3. Bg2 c6 4. O-O Bf5 5. d3 Nbd7 6. b3 e6 7. Bb2 Qc7 8. c4 Rd8 9. Nbd2 Bg6 10. Rc1 Qa5 11. a3 Be7 12. b4 Qc7 13. cxd5 exd5 14. Nh4 O-O 15. Nxg6 hxg6 16. Qb3 Qb6 17. e3 a5 18. Bd4 Qb5 19. bxa5 Qxa5 20. Nb1 Qa6 21. a4 Ra8 22. Rfd1 Qxa4 23. Qxb7 c5 24. Nc3 Qa7 25. Qxa7 Rxa7 26. Bxf6 Nxf6 27. Bxd5 Rd8 28. Bc4 Rad7 29. h3 Bd6 30. f4 Be7 31. Kf2 Kf8 32. Kf3 Ne8 33. e4 Nd6 34. Nd5 Nxc4 35. dxc4 Bd6 36. Rb1 Rb8 37. e5 Rxb1 38. Rxb1 Be7 39. Rb8+ Rd8 40. Rb7 Re8 41. Nxe7 Rxe7 42. Rb8+ Re8 43. Rxe8+ Kxe8 44. Ke4 Kd7 45. Kd5 1-0

[Event "FIDE Olympiad Disabilties 2020"]
[Site "Online"]
[Date "2020.11.21"]
[Round "6.6"]
[White "Marchidan, Costica"]
[Black "Pakhomov, Alexey"]
[Result "1/2-1/2"]
[WhiteElo "1770"]
[BlackElo "2315"]
[Annotator "TA"]
[PlyCount "47"]
[EventDate "2020.11.21"]
[EventType "team-tourn"]
[EventCountry "NET"]
[SourceTitle "playchess.com"]
[Source "ChessBase"]
[SourceQuality "1"]
[WhiteTeam "Romania"]
[BlackTeam "Russia"]
[WhiteTeamCountry "ROU"]
[BlackTeamCountry "RUS"]

1. d4 Nf6 2. Nf3 e6 3. c4 Bb4+ 4. Bd2 Bxd2+ 5. Qxd2 O-O 6. Nc3 d6 7. e4 Nc6 8. Be2 e5 9. d5 Nb8 10. O-O a5 11. Ne1 Na6 12. Nd3 Nd7 13. b3 Nac5 14. Rab1 Nxd3 15. Bxd3 Nc5 16. Bc2 g6 17. a3 f5 18. f4 exf4 19. Qxf4 Qf6 20. Nb5 Qg7 21. b4 axb4 22. axb4 Na6 23. Qe3 Bd7 24. exf5 1/2-1/2

[Event "FIDE Olympiad Disabilties 2020"]
[Site "Online"]
[Date "2020.11.21"]
[Round "6.6"]
[White "Bratu, Gheorghe"]
[Black "Ermakov, Maksim"]
[Result "0-1"]
[WhiteElo "1729"]
[BlackElo "1611"]
[Annotator "NA"]
[PlyCount "100"]
[EventDate "2020.11.21"]
[EventType "team-tourn"]
[EventCountry "NET"]
[SourceTitle "playchess.com"]
[Source "ChessBase"]
[SourceQuality "1"]
[WhiteTeam "Romania"]
[BlackTeam "Russia"]
[WhiteTeamCountry "ROU"]
[BlackTeamCountry "RUS"]

1. e4 c5 2. Nf3 e6 3. g3 a6 4. Bg2 b5 5. O-O Bb7 6. Re1 Nf6 7. d3 d5 8. e5 Nfd7 9. Nbd2 Nc6 10. c3 Qb6 11. Nf1 Be7 12. h4 h6 13. a4 b4 14. d4 c4 15. Ne3 Na5 16. Bd2 Nb3 17. Ra2 a5 18. Re2 Bc6 19. Be1 Qc7 20. Nd2 Nxd2 21. Bxd2 b3 22. Ra1 Nb6 23. f4 Nxa4 24. Qb1 g6 25. Ng4 Nb6 26. Nf6+ Bxf6 27. exf6 Qd8 28. f5 gxf5 29. Qxf5 Kd7 30. Qh5 Qf8 31. Bf4 a4 32. Qe5 Ra7 33. Kh2 Rg8 34. Bf3 a3 35. bxa3 Na4 36. Qe3 b2 37. Rb1 Qxa3 38. Bxh6 Nxc3 39. Rexb2 Nxb1 40. Rxb1 Qa2+ 41. Kh3 Qxb1 42. Bf4 Qf5+ 43. g4 Qd3 44. Qf2 Ra3 45. Kg2 Qxf3+ 46. Qxf3 Rxf3 47. Kxf3 Ba4 48. h5 Bd1+ 49. Ke3 Bxg4 50. h6 Bf5 0-1

[Event "FIDE Olympiad Disabilties 2020"]
[Site "Online"]
[Date "2020.11.21"]
[Round "6.6"]
[White "Taranenko, Polina"]
[Black "Florea, Dorina"]
[Result "1-0"]
[WhiteElo "1445"]
[BlackElo "1741"]
[Annotator "NA"]
[PlyCount "59"]
[EventDate "2020.11.21"]
[EventType "team-tourn"]
[EventCountry "NET"]
[SourceTitle "playchess.com"]
[Source "ChessBase"]
[SourceQuality "1"]
[WhiteTeam "Russia"]
[BlackTeam "Romania"]
[WhiteTeamCountry "RUS"]
[BlackTeamCountry "ROU"]

1. d4 Nf6 2. c4 e6 3. Nf3 d5 4. Nc3 Be7 5. Bf4 c6 6. e3 Nbd7 7. Bd3 O-O 8. O-O h6 9. Ne5 Nxe5 10. Bxe5 Nd7 11. Bg3 dxc4 12. Bxc4 e5 13. dxe5 Qa5 14. e6 Ne5 15. exf7+ Nxf7 16. Ne4 Kh8 17. Qb3 Ng5 18. Nd6 b5 19. Bd3 Be6 20. Qc2 Bxd6 21. Bxd6 Rfd8 22. Bg3 Rac8 23. a3 c5 24. Rfd1 c4 25. Bf5 Qb6 26. h4 Bxf5 27. Qxf5 Nh7 28. Be5 Rf8 29. Bxg7+ Kxg7 30. Rd7+ 1-0

[Event "FIDE Olympiad Disabilties 2020"]
[Site "Online"]
[Date "2020.11.21"]
[Round "6.7"]
[White "Shashikant, Kutwal"]
[Black "Gonzalez Astete, Cristian"]
[Result "1-0"]
[WhiteElo "2182"]
[BlackElo "2130"]
[Annotator "TA"]
[PlyCount "93"]
[EventDate "2020.11.21"]
[EventType "team-tourn"]
[EventCountry "NET"]
[SourceTitle "playchess.com"]
[Source "ChessBase"]
[SourceQuality "1"]
[WhiteTeam "India"]
[BlackTeam "Chile"]
[WhiteTeamCountry "IND"]
[BlackTeamCountry "CHI"]

1. e4 c5 2. Nf3 d6 3. c3 Nf6 4. h3 Bd7 5. Bd3 Bc6 6. Qe2 e6 7. O-O Be7 8. Bc2 O-O 9. d4 cxd4 10. cxd4 Nbd7 11. Nc3 Rc8 12. Re1 Re8 13. Bf4 Qa5 14. Rad1 Nf8 15. Bc1 Ng6 16. a3 a6 17. Nh2 Qh5 18. Ng4 Nxg4 19. hxg4 Qa5 20. f4 e5 21. d5 Bd7 22. g3 exf4 23. gxf4 Bf6 24. g5 Bxc3 25. bxc3 Qxc3 26. Bd3 Bb5 27. Bxb5 axb5 28. Rd3 Qc2 29. Qxc2 Rxc2 30. Bd2 Rc4 31. e5 dxe5 32. d6 e4 33. d7 Rd8 34. Rd6 Nf8 35. Bb4 f6 36. gxf6 gxf6 37. Rxf6 Rd4 38. Be7 Nxd7 39. Bxd8 Nxf6 40. Bxf6 Ra4 41. Be7 Kf7 42. Bb4 Ke6 43. Rxe4+ Kf5 44. Rd4 h5 45. Kf2 b6 46. Kf3 Ke6 47. Ke4 1-0

[Event "FIDE Olympiad Disabilties 2020"]
[Site "Online"]
[Date "2020.11.21"]
[Round "6.7"]
[White "Figueroa Morales, Tomas"]
[Black "Kishan, Gangolli"]
[Result "1-0"]
[WhiteElo "2093"]
[BlackElo "2128"]
[Annotator "TA"]
[PlyCount "115"]
[EventDate "2020.11.21"]
[EventType "team-tourn"]
[EventCountry "NET"]
[SourceTitle "playchess.com"]
[Source "ChessBase"]
[SourceQuality "1"]
[WhiteTeam "Chile"]
[BlackTeam "India"]
[WhiteTeamCountry "CHI"]
[BlackTeamCountry "IND"]

1. d4 Nf6 2. Nf3 e6 3. Bg5 d5 4. c4 Be7 5. Nc3 h6 6. Bh4 O-O 7. e3 b6 8. cxd5 Nxd5 9. Bxe7 Qxe7 10. Nxd5 exd5 11. Rc1 Be6 12. Qa4 c5 13. Qa3 Nd7 14. dxc5 Nxc5 15. Be2 Rac8 16. O-O Rc7 17. Nd4 a5 18. Bf3 Qd7 19. Rfd1 Rfc8 20. h3 Qa4 21. Qxa4 Nxa4 22. Rxc7 Rxc7 23. Rd2 Rc1+ 24. Kh2 Rb1 25. b3 Rb2 26. Rxb2 Nxb2 27. Be2 a4 28. f4 Kf8 29. Kg3 Ke7 30. Kf2 Kd6 31. Ke1 Kc5 32. Kd2 Kb4 33. Nc2+ Kc5 34. Kc3 axb3 35. axb3 Nc4 36. bxc4 dxc4 37. e4 b5 38. Nb4 Bc8 39. g4 h5 40. e5 hxg4 41. Bxg4 Bb7 42. h4 Be4 43. Bd7 f6 44. e6 Kd6 45. Kd4 Bf5 46. Bxb5 Bxe6 47. Nc2 Ke7 48. Bxc4 Bxc4 49. Kxc4 Kf7 50. Kd5 Kg6 51. Ne3 Kh5 52. f5 Kxh4 53. Ke6 Kg5 54. Kf7 Kh6 55. Nc2 Kh7 56. Nd4 Kh8 57. Ne6 Kh7 58. Nxg7 1-0

[Event "FIDE Olympiad Disabilties 2020"]
[Site "Online"]
[Date "2020.11.21"]
[Round "6.7"]
[White "Naveen, Kumar A."]
[Black "Tapia Loncon, Andres Saul"]
[Result "1/2-1/2"]
[WhiteElo "2035"]
[BlackElo "1890"]
[Annotator "TA"]
[PlyCount "137"]
[EventDate "2020.11.21"]
[EventType "team-tourn"]
[EventCountry "NET"]
[SourceTitle "playchess.com"]
[Source "ChessBase"]
[SourceQuality "1"]
[WhiteTeam "India"]
[BlackTeam "Chile"]
[WhiteTeamCountry "IND"]
[BlackTeamCountry "CHI"]

1. e4 c5 2. Nf3 e6 3. d4 cxd4 4. Nxd4 a6 5. Nc3 b5 6. a3 Bb7 7. Bd3 Nc6 8. Nxc6 Bxc6 9. O-O Bc5 10. Qe2 Ne7 11. Kh1 O-O 12. Be3 Bxe3 13. Qxe3 f5 14. f4 Rf6 15. Rad1 Qc7 16. Rd2 Raf8 17. Rdf2 Rh6 18. Ne2 fxe4 19. Bxe4 Qb7 20. Bxc6 Qxc6 21. Ng3 Nf5 22. Nxf5 Rxf5 23. Kg1 Rc5 24. f5 e5 25. c3 Rf6 26. Rd2 d6 27. g4 Rc4 28. Rg2 Qc5 29. Qxc5 Rxc5 30. g5 Rf7 31. f6 g6 32. Re1 Rd7 33. Rg4 Kf7 34. Kf2 Ke6 35. Ke3 a5 36. Kd3 Rd5+ 37. Ke3 Rc7 38. Rf1 Rf7 39. h4 Rc5 40. Rf2 d5 41. a4 bxa4 42. Rxa4 Rb7 43. Kd3 Rcb5 44. b4 axb4 45. Rxb4 e4+ 46. Ke3 Rxb4 47. cxb4 Kf7 48. Rb2 Rb5 49. Kd4 h6 50. Rb3 hxg5 51. hxg5 Ke6 52. Rb2 Rb8 53. b5 Kf5 54. Kxd5 Kxg5 55. b6 Kxf6 56. Kd6 Kf5 57. Rf2+ Kg4 58. Kc7 Rh8 59. b7 Rh7+ 60. Kc6 Rxb7 61. Kxb7 Kg3 62. Rf6 g5 63. Kc6 e3 64. Kd5 e2 65. Re6 Kf2 66. Rxe2+ Kxe2 67. Ke4 g4 68. Kf4 g3 69. Kxg3 1/2-1/2

[Event "FIDE Olympiad Disabilties 2020"]
[Site "Online"]
[Date "2020.11.21"]
[Round "6.7"]
[White "Rozas Lazcano, Valeska"]
[Black "Jennitha, Anto K."]
[Result "0-1"]
[WhiteElo "1435"]
[BlackElo "2001"]
[Annotator "TA"]
[PlyCount "88"]
[EventDate "2020.11.21"]
[EventType "team-tourn"]
[EventCountry "NET"]
[SourceTitle "playchess.com"]
[Source "ChessBase"]
[SourceQuality "1"]
[WhiteTeam "Chile"]
[BlackTeam "India"]
[WhiteTeamCountry "CHI"]
[BlackTeamCountry "IND"]

1. e4 c5 2. Nc3 Nc6 3. Bb5 g6 4. Bxc6 dxc6 5. f4 Bg7 6. Nf3 Qc7 7. d3 Bg4 8. h3 Bxf3 9. Qxf3 O-O-O 10. O-O f5 11. e5 e6 12. Be3 b6 13. a4 a5 14. Rad1 Ne7 15. b3 g5 16. g3 gxf4 17. gxf4 Rdg8 18. Kh1 Nd5 19. Nxd5 cxd5 20. c4 d4 21. Bf2 Qb7 22. Qxb7+ Kxb7 23. Rg1 Bh6 24. Bg3 Rg6 25. Kg2 Bxf4 26. Kf3 Be3 27. Bf2 Bxf2 28. Kxf2 Rhg8 29. Rxg6 Rxg6 30. Kf3 Kc7 31. Rf1 h5 32. Kf4 h4 33. Rf3 Kd7 34. Rf1 Ke7 35. Rd1 Rg3 36. Rd2 Kf7 37. Rd1 Kg6 38. Rd2 Kh5 39. Rd1 Rxh3 40. Rd2 Re3 41. Rd1 h3 42. Rd2 Kh4 43. Rd1 h2 44. Rh1 Kh3 0-1